| 000 | 01097nam a22002777a 4500 | ||
|---|---|---|---|
| 001 | 8946 | ||
| 003 | FISKH | ||
| 005 | 20251111091009.0 | ||
| 008 | 251111b cb ||||| |||| 00| 0 eng d | ||
| 020 | _a9780671632397 | ||
| 040 |
_aFISKH _beng _cFISKH _dFISKH |
||
| 050 | _aPZ7.S6522 E | ||
| 082 | _a813.54 | ||
| 100 |
_aSmith, Kathie Billingslea _eAuthor |
||
| 245 |
_aThe enchanted unicorn : _bA sticker storybook / _cWritten by Kathie Bolingslea Smith ; Interior illustrations by James Seward ; Cover illustration by Reg Sandland |
||
| 260 |
_aNew York : _bOttenheimer , _c1998 |
||
| 300 |
_a23 unnumbered pages : _bcolor illustrations ; _c21 cm |
||
| 505 | _aG | ||
| 520 | _aHere's the magical story of Starlight, a young unicorn who learns how being different from others can actually lead to togetherness and a comforting sense of belonging after all. Includes 24 full-color stickers. | ||
| 521 | 8 |
_a300
_bLexile estimate |
|
| 521 | 8 |
_aG
_bRaz-Plus |
|
| 650 |
_aChildren's literature _vFantasy |
||
| 700 |
_aSeward, James _eIllustrator |
||
| 942 |
_2ddc _cBK _n0 |
||
| 999 |
_c8946 _d8946 |
||